Výzvy antimonopolní politiky v 21. století

Kľúčové momenty historického vývoja pohľadu na ochranu konkurencie v 20. storočí - storočí boja proti monopolu. Teoretické aspekty skúmania problematiky. Praktické skúsenosti z nemeckého územia - európskej kolísky antimonopolnej politiky. Súťažná politika Európskeho spoločenstva, ktorá tvorí základ...

Ausführliche Beschreibung

Gespeichert in:
Bibliographische Detailangaben
1. Verfasser: Paneš, Patrik
Weitere Verfasser: Šíma, Josef
Format: Buchkapitel
Sprache:Tschechisch
Schlagworte:
Tags: Tag hinzufügen
Keine Tags, Fügen Sie das erste Tag hinzu!

MARC

LEADER 00000naa$a2200000$$$4500
001 0038157
005 20231114082042.4
041 0 |a cze 
044 |a CZ 
245 1 0 |a Výzvy antimonopolní politiky v 21. století  |c Patrik Paneš, Josef Šíma 
520 |a Kľúčové momenty historického vývoja pohľadu na ochranu konkurencie v 20. storočí - storočí boja proti monopolu. Teoretické aspekty skúmania problematiky. Praktické skúsenosti z nemeckého územia - európskej kolísky antimonopolnej politiky. Súťažná politika Európskeho spoločenstva, ktorá tvorí základ antimonopolného práva členských krajín Európskej únie. Reforma súťažnej politiky na prahu 21. storočia. 
610 2 0 |a politika protimonopolná 
610 2 0 |a konkurencia 
610 2 0 |a koncentrácia 
610 2 0 |a ochrana trhu 
610 2 0 |a história 
610 2 0 |a legislatíva 
610 2 0 |a Nemecko 
610 2 0 |a Európske spoločenstvá 
610 2 0 |a trh relevantný 
100 1 |a Paneš, Patrik 
700 1 |a Šíma, Josef